000
00200 a2200097 4500
001
26766
100
_a
Asimov, I
245
_a
Collapsing universe
260
_a
_b
Hutchinson
_c
090
_c
18009
_d
18009
942
_a
NUST-CAE
_c
M
_c
8902
999
_c
261839
_d
261839